Geopolítica y medio ambiente: el corredor biológico del Caribe /
Na minha lista:
| Autor principal: | |
|---|---|
| Formato: | Texto |
| Assuntos: | |
| Tags: |
Adicionar Tag
Sem tags, seja o primeiro a adicionar uma tag!
|
MARC
| LEADER | 00000 a a2200000 04500 | ||
|---|---|---|---|
| 001 | 11073 | ||
| 003 | |||
| 040 | |||
| 100 | |a Sánchez, Néstor | ||
| 245 | |a Geopolítica y medio ambiente: |b el corredor biológico del Caribe / |c Néstor Sánchez | ||
| 650 | |a MEDIO AMBIENTE | ||
| 650 | |a BIODIVERSIDAD | ||
| 650 | |a POLITICA | ||
| 650 | |a HAITI | ||
| 650 | |a CARIBE | ||
| 773 | |g volumen 8 (23); páginas 155-162 | ||
| 999 | |c 22108 |d 22108 | ||
